Online
Catalog

Deformaciones y perversiones de la moral / (Record no. 25621)

MARC details
000 -CABECERA
campo de control de longitud fija 00805nam a2200217 a 4500
001 - NÚMERO DE CONTROL
campo de control 000026129
005 - FECHA Y HORA DE LA ÚLTIMA TRANSACCIÓN
campo de control 20200930024328.0
008 - DATOS DE LONGITUD FIJA--INFORMACIÓN GENERAL
campo de control de longitud fija 110301s1967 sp r 000 0 spa d
040 ## - FUENTE DE LA CATALOGACIÓN
Centro catalogador/agencia de origen DO-SdBNP
Lengua de catalogación spa
Centro/agencia transcriptor BNPHU
041 17 - CÓDIGO DE LENGUA
Código de lengua del texto/banda sonora o título independiente spa
Código de lengua original eng
Fuente del código Código de idiomas MARC
082 ## - NÚMERO DE LA CLASIFICACIÓN DECIMAL DEWEY
Número de clasificación nn*
Número de documento/Ítem nn*
049 ## - FONDOS LOCALES (OCLC)
Fondos de biblioteca BNGR
100 1# - ENTRADA PRINCIPAL--NOMBRE DE PERSONA
Nombre de persona Von Hildebrand, Dietrich.
9 (RLIN) 53094
240 10 - TÍTULO UNIFORME
Título uniforme Graven images: subtitutes for true morality.
Lenguaje de la obra Español
245 10 - MENCIÓN DE TÍTULO
Título Deformaciones y perversiones de la moral /
Mención de responsabilidad, etc. Dietrich Von Hildebrand y Alice Jourdain ; traducción de Constantino Ruiz-Garrido.
260 ## - PUBLICACIÓN, DISTRIBUCIÓN, ETC.
Lugar de publicación, distribución, etc. Madrid :
Nombre del editor, distribuidor, etc. Fax,
Fecha de publicación, distribución, etc. 1967.
300 ## - DESCRIPCIÓN FÍSICA
Extensión 273 p. ;
Dimensiones 20 cm.
534 ## - NOTA SOBRE LA VERSIÓN ORIGINAL
Encabezamiento principal del original Original en inglés :
Mención de título del original Graven images: subtitutes for true morality
700 1# - PUNTO DE ACCESO ADICIONAL--NOMBRE DE PERSONA
Nombre de persona Jourdain, Alice.
9 (RLIN) 53095
700 1# - PUNTO DE ACCESO ADICIONAL--NOMBRE DE PERSONA
Nombre de persona Ruiz-Garrido, Constantino,
Término indicativo de función/relación tr.
9 (RLIN) 53096

No items available.

Powered by Koha